00470nam a2200169Ia 4500003000400000005001700004008004100021020001300062040002900075050002600104100005900130245002300189250001200212260003000224300002500254650002100279OSt20241011133558.0230105s9999||||xx |||||||||||||| ||und|| a72904437 cChuka University Library aSBL QE 28.2bP56 2001 aCharles C. Plummer, David mcGeary and Biane H. Carlson 0aPhysical geology / a8th ed. aBoston bMcGrawhillc2001 a578pbincludes index aPhysical geology